Apuntalando la tradición: amanse y arreglo de potros y mulas. /
| Autor principal: | |
|---|---|
| Formato: | Libro |
| Publicado: |
Salta :
s.n.,
1956.
|
| Materias: | |
| Etiquetas: |
Agregar Etiqueta
Sin Etiquetas, Sea el primero en etiquetar este registro!
|
MARC
| LEADER | 00000nam a22000004a 4500 | ||
|---|---|---|---|
| 001 | AR-BbUGT3332 | ||
| 003 | AR-BbUGT | ||
| 005 | 20181220001740.0 | ||
| 007 | ta | ||
| 008 | 061101t1956 ||| |0|||0| d | ||
| 040 | |a AR-BbUGT |b spa |c AR-BbUGT | ||
| 082 | 0 | 4 | |a 398 |
| 100 | 1 | |a Sanchez, J. | |
| 245 | 1 | 0 | |a Apuntalando la tradición: |b amanse y arreglo de potros y mulas. / |c J. Sanchez. |
| 260 | |a Salta : |b s.n., |c 1956. | ||
| 300 | |a 129 p. | ||
| 653 | |a Folklore | ||
| 653 | |a Caballos | ||
| 942 | |c BK |h 398 |i SA55 |m D |2 ddc |6 398_000000000000000_SA55 | ||
| 999 | |c 10763 |d 10763 | ||